书目信息 |
| 题名: |
世界的分化
|
|
| 作者: | 米兰诺维奇 著 ;刘学军 译 | |
| 分册: | ||
| 出版信息: | 北京 北京师范大学出版社 2007 |
|
| 页数: | 231页 | |
| 开本: | 24cm | |
| 丛书名: | ||
| 单 册: | ||
| 中图分类: | F113.8 | |
| 科图分类: | ||
| 主题词: | 平等(经济学)--研究 , 平等(经济学) , 经济--世界 , 国际经济关系 | |
| 电子资源: | ||
| ISBN: | 978-7-303-08799-0 | |
| 000 | 01142nam0 2200289 450 | |
| 001 | 1138998926 | |
| 005 | 20111004105100.42 | |
| 010 | @a978-7-303-08799-0@dCNY45.00 | |
| 100 | @a20071221d2007 em y0chiy50 ea | |
| 101 | 1 | @achi@ceng |
| 102 | @aCN@b110000 | |
| 105 | @ay z 000yy | |
| 200 | 1 | @a世界的分化@Ashi jie de fen hua@e国家间和全球不平等的度量研究@f(美)布兰克·米兰诺维奇(Branko Milanovic)著@g刘学军[等]译 |
| 210 | @a北京@c北京师范大学出版社@d2007 | |
| 215 | @a231页@d24cm | |
| 305 | @a美国Princeton University Press授权出版 | |
| 330 | @a本书共分四篇,第一篇为导论;第二篇为国家间不平等;第三篇为全球不平等;第四篇为结语。包括三类不平等概念的界定、概念 的其他差异;国家间不平等与世界不平等的比较等内容。 | |
| 517 | 1 | @a国家间和全球不平等的度量研究@Aguo jia jian he quan qiu bu ping deng de du liang yan jiu |
| 606 | 0 | @a平等(经济学)@x研究 |
| 606 | 0 | @a平等(经济学) |
| 606 | 0 | @a经济@x世界 |
| 606 | 0 | @a国际经济关系 |
| 690 | @aF113.8@v4 | |
| 701 | 0 | @c(美)@a米兰诺维奇@Ami lan nuo wei qi@c(Milanovic, Branko)@4著 |
| 702 | 0 | @a刘学军@Aliu xue jun@4译 |
| 801 | 0 | @aCN@bNLC@c20101222 |
| 905 | @a10447@dF113.8@eJY64 | |
| 世界的分化:国家间和全球不平等的度量研究/(美)布兰克·米兰诺维奇(Branko Milanovic)著/刘学军[等]译.-北京:北京师范大学出版社,2007 |
| 231页;24cm |
| ISBN 978-7-303-08799-0:CNY45.00 |
| 本书共分四篇,第一篇为导论;第二篇为国家间不平等;第三篇为全球不平等;第四篇为结语。包括三类不平等概念的界定、概念 的其他差异;国家间不平等与世界不平等的比较等内容。 |
| ● |
| 相关链接 |
|
|
|
|
正题名:世界的分化
索取号:F113.8/JY64
 
预约/预借
| 序号 | 登录号 | 条形码 | 馆藏地/架位号 | 状态 | 备注 |
| 1 | 7813425 | 278134252 | 学院路分馆/ [索取号:F113.8/JY64] | 在馆 | |
| 2 | 7813426 | 278134261 | 学院路分馆/ [索取号:F113.8/JY64] | 在馆 |